Nueva luz sobre la estratificación socio-económica costarricense al iniciarse la expansión cafetalera /
Guardado en:
| Autor principal: | |
|---|---|
| Formato: | Texto |
| Materias: | |
| Etiquetas: |
Agregar Etiqueta
Sin Etiquetas, Sea el primero en etiquetar este registro!
|
MARC
| LEADER | 00000 a a2200000 04500 | ||
|---|---|---|---|
| 001 | 15707 | ||
| 003 | |||
| 040 | |||
| 100 | |a Gudmundson, Lowell | ||
| 245 | |a Nueva luz sobre la estratificación socio-económica costarricense al iniciarse la expansión cafetalera / |c Lowell Gudmundson | ||
| 650 | |a ESTRATIFICACION SOCIAL | ||
| 773 | |g número 4; páginas 149-189 | ||
| 999 | |c 33863 |d 33863 | ||
